Economic Growth and Economic Order (Registro nro. 28285)

Detalles MARC
000 -LEADER
fixed length control field 00301 a2200109 4500
001 - CONTROL NUMBER
control field ART_20461
005 - DATE AND TIME OF LATEST TRANSACTION
control field 20260410161927.0
008 - FIXED-LENGTH DATA ELEMENTS--GENERAL INFORMATION
fixed length control field 260409a
100 1# - MAIN ENTRY--PERSONAL NAME
Personal name Schneider, Erich
245 10 - TITLE STATEMENT
Title Economic Growth and Economic Order
773 0# - HOST ITEM ENTRY
Title Economics
Related parts - Vol. 3 (ene. 1971)
Record control number REV20320

No hay ítems disponibles.